| 000 | 00808nam a2200229Ia 4500 | ||
|---|---|---|---|
| 003 | GCL | ||
| 008 | 140319s9999 xx 000 0 ara d | ||
| 040 |
_aGCL / _cGCL |
||
| 082 | 0 | 4 |
_a327.112 _bن ن |
| 100 | 1 | _aمحمد عبدالحليم ابوغزالة(اعداد) | |
| 245 | 1 | 0 |
_a1999 نصر بلا حرب / _cمحمد عبدالحليم ابوغزالة(اعداد) |
| 700 | 1 | _aنيكسون , ريتشارد | |
| 260 |
_a[S.N] : _bمركز الاهرام للترجمة والنشر ، _c1988 |
||
| 300 | _a354 ص | ||
| 490 | _a | ||
| 650 | 0 | 4 | _aالاتحاد السوفيتى |
| 650 | 0 | 4 | _aالولايات المتحدة الامريكية |
| 650 | 0 | 4 | _aالسياسة الدولية |
| 650 | 0 | 4 | _aالعلاقات الخارجية |
| 650 | 0 | 4 | _aالقوى العظمى |
| 942 |
_2ddc _cBK |
||
| 999 |
_c30560 _d30560 |
||